00626nam a2200157Ia 4500008004100000082001400041100001000055245007000065260005100135365000600186630007000192730007000262942000900332999001900341952010800360100415s9999 xx 000 0 und d b4184a500 aP.N.I aProceedings Of The National Institute Of Sciences Of India Vol.20 aCalcattac1954bNational Institute Of Sciences b0 aProceedings Of The National Institute Of Sciences Of India Vol.20 aProceedings Of The National Institute Of Sciences Of India Vol.20 cBOOK c587169d587166 00104070aBNHSbBNHSd1959-11-03g0.00l0o500 4184pBNHS-4184r2010-04-15 00:00:00w2010-04-15yBOOK